000 00525nam a2200169Ia 4500
003 GCL
008 140319s9999 xx 000 0 ara d
040 _aGCL /
_cGCL
082 0 4 _a792.015
_bف ر
100 1 _aفاروق عبدالقادر
245 1 0 _aرؤىى الواقع وهموم الثورة: دراسات فى المسرح المعاصر /
_cفاروق عبدالقادر
300 _a231 ص
490 _aكتاب
_v0
650 0 4 _aالمسرح العربى
650 0 4 _aتاريخ ونقد
942 _2ddc
_cBK
999 _c41917
_d41917